000 00652cam a22002413a 4500
001 24302
003 PGUSA
005 20140828083523.0
008 080115s2008||||xxu|||||s|||||000 1 eng d
040 _aPGUSA
_beng
042 _adc
050 4 _aPS
100 1 _aGarrett, Randall,
_d1927-1987
245 1 4 _aThe Highest Treason
_h[electronic resource] /
_cRandall Garrett
260 _bProject Gutenberg,
_c2008
506 _aPublic domain in the USA.
516 _aElectronic text
653 _aScience fiction
653 _aWar stories
830 0 _aProject Gutenberg
_v24302
856 4 0 _uhttp://www.gutenberg.org/ebooks/24302
942 _cEB
999 _c253557
_d253557